Tax Smoothing and Australian Fiscal Policy

Uložené v:
Podrobná bibliografia
Hlavný autor: Kingston, Geoffrey
Ďalší autori: Layton, Allan
Médium: Kniha
Jazyk:English
Vydavateľské údaje: Brisbane University of Queensland 1986
Vydanie:1. ed.
Edícia:Working Paper No. 56
Tagy: Pridať tag
Žiadne tagy, Buďte prvý, kto otaguje tento záznam!

MARC

LEADER 00000nam a2200000 4500
001 c032809
005 20221220073014.6
041 0 |a eng 
044 |a AU 
245 1 0 |a Tax Smoothing and Australian Fiscal Policy  |c Geoffrey Kingston, Allan Layton 
250 |a 1. ed. 
264 1 |a Brisbane  |b University of Queensland  |c 1986 
300 |a 19 s. 
490 1 |a Working Paper  |v No. 56 
830 0 |a Working Paper  |v No. 56 
100 1 |a Kingston, Geoffrey 
700 1 |a Layton, Allan